Chile: transformaciones culturales y modernidad
Gardado en:
| Main Authors: | , , |
|---|---|
| Formato: | Libro |
| Idioma: | Lingua castelá |
| Publicado: |
Santiago
Flacso
1989
|
| Subjects: | |
| Tags: |
Engadir etiqueta
Sen Etiquetas, Sexa o primeiro en etiquetar este rexistro!
|
MARC
| LEADER | 00000nam a2200000 a 4500 | ||
|---|---|---|---|
| 001 | UCW4929 | ||
| 003 | CL-VaPUC | ||
| 008 | 901005e19890000CL |||||||||||||||||spa|d | ||
| 082 | 0 | 4 | |a 306.983 |b BRU |2 21 |
| 100 | 0 | |a Brunner, José Joaquín |e author |9 309753 | |
| 700 | 0 | |a Barríos, Alicia |e author |9 309754 | |
| 700 | 0 | |a Catalán, Carlos |e author |9 309755 | |
| 245 | 1 | 0 | |a Chile: transformaciones culturales y modernidad |
| 300 | |a 228 p | ||
| 942 | |c BK | ||
| 945 | |d 19901005 00:00:00 | ||
| 260 | |a Santiago |b Flacso |c 1989 | ||
| 650 | 7 | |a GOBIERNO MILITAR ASPECTOS CULTURALES 1973-1988 |2 CL-VaPUC |9 309756 | |
| 650 | 7 | |a POLITICA CULTURAL 1973-1988 |2 CL-VaPUC |9 309757 | |
| 651 | 7 | |a CHILE |2 CL-VaPUC |9 309758 | |
| 583 | |a last modification |c 19901005 00:00:00 |k Rodrigo Vera | ||
| 999 | |c 218497 |d 218495 | ||
| 952 | |0 0 |1 0 |4 0 |6 306_983000000000000_BRU_1989 |7 0 |8 A |9 208169 |a BIBEDU |b BIBEDU |d 2019-11-15 |i 2760525 |o 306.983 BRU 1989 |p 2760525 |r 2019-11-15 |w 2019-11-15 |y BK |k EDU | ||